000 00861cam a22002774a 4500
001 79615
005 20230411085656.0
008 040427s2004 nyua 001 0 eng
035 _a13574657
925 0 _aacquire
_b2 shelf copies
_xpolicy default
942 _2lcc
_cbk
010 _a 2004009110
020 _a0825672961 (pbk. : alk. paper)
040 _aDLC
_cDLC
_dDLC
042 _apcc
050 1 4 _aTA365
_b.J76a 2004
082 0 0 _a781.49
_222
100 1 _aJones, Sarah,
_d1970-
245 1 0 _aAssistant engineer handbook :
_bgigs in the recording studio and beyond /
_cby Sarah Jones.
260 _aNew York :
_bSchirmer Trade Books,
_cc2004.
300 _axi, 176 p. :
_bill. ;
_c26 cm.
500 _aIncludes index.
650 0 _aAcoustical engineering
_xVocational guidance.
650 0 _aSound engineers
_xVocational guidance.
946 _aPP
999 _c105738
_d105738